| 000 | 01678nam a22004457a 4500 | ||
|---|---|---|---|
| 001 | 000094750 | ||
| 003 | CHAP | ||
| 005 | 20220817044045.0 | ||
| 008 | 051026d2005 mx d r 00110 spa d | ||
| 010 | _a91216 | ||
| 011 | _a92188 | ||
| 035 | _a102751 | ||
| 040 | _cCHAP | ||
| 090 | _aTesis | ||
| 100 | 0 | 0 |
_aGonzález Camacho, Abel. _948749 |
| 245 | 1 | 0 |
_aDescripción y análisis del apoyo crediticio mediante parafinancieras en el sector agropecuario mexicano (1998-2004) / _c/por Abel González Camacho. |
| 260 |
_aChapingo, Méx. : _bEl autor, _c2005. |
||
| 300 |
_a36 h. : _bgráfs. ; cuadros. |
||
| 502 | _aTesis (Ing. Agr. Esp. en Zootecnia) -- UACH. Departamento de Zootecnia | ||
| 590 |
_aALEPH _b10 _c20130110 _lUCH01 _h1507 |
||
| 590 |
_aBATCH-UPD _b10 _c20130110 _lUCH01 _h0741 |
||
| 590 |
_aBATCH-UPD _b10 _c20130410 _lUCH01 _h0423 |
||
| 590 |
_aBATCH-UPD _b10 _c20130914 _lUCH01 _h0017 |
||
| 590 |
_aBATCH-UPD _b10 _c20130914 _lUCH01 _h2133 |
||
| 590 |
_aBATCH-UPD _b10 _c20140324 _lUCH01 _h1452 |
||
| 590 |
_aBATCH-UPD _b10 _c20141002 _lUCH01 _h0827 |
||
| 590 |
_aCONVERSION _b10 _c20130109 _lUCH01 _h1351 |
||
| 590 |
_aE12093SGE _b10 _c20130610 _lUCH01 _h1253 |
||
| 650 | 1 | 4 |
_aAgricultura contractual. _91944 |
| 650 | 1 | 4 |
_aAgricultura _xAspectos económicos. |
| 650 | 1 | 4 |
_aCrédito agrícola _zMéxico. _929089 |
| 650 | 1 | 4 |
_aEmpresas _zMéxico. _936646 |
| 856 |
_3Finding aid _uhttp://10.13.5.2/tesis/102751.pdf _zTeclea aquí |
||
| 901 | _aBK | ||
| 905 | _aMarco A. Mendoza T. | ||
| 942 | _cCD | ||
| 942 | _n0 | ||
| 949 |
_aTesis _bBC _cTES _d1027511 _eTS1 _gDonaciØn _h44235 _i102751 _sb |
||
| 949 |
_aTesis _bBC _cTES _d33724000965505 _eTS2 _fc.2 _gDonaciØn _h44236 _i102751 _sb |
||
| 999 |
_c91216 _d91216 |
||